00000000cam 2200000zi 4500
0019.959439
003CaOODSP
00520260225084448
006m     o  d f      
007cr mn|||||||||
008260130e202602##onc     ob   f000 0 eng d
020 |a9780660981802
040 |aCaOODSP|beng|erda|cCaOODSP
043 |an-cn---
0861 |aP29-4-3-24-2026E-PDF
24500|aAviation turbine fuel (military grades F-34, F-37 and F-44).
250 |a[February 2026 edition].
264 1|aOttawa, Ontario : |bCanadian General Standards Board : |bStandards Council of Canada, |cFebruary 2026.
264 4|c©2026
300 |a1 online resource (18 pages).
336 |atext|btxt|2rdacontent
337 |acomputer|bc|2rdamedia
338 |aonline resource|bcr|2rdacarrier
4901 |aNational standard of Canada ; |vCAN/CGSB-3-24-2026
500 |aSupersedes CAN/CGSB-3.24-2023.
500 |aIssued also in French under title: Carburéacteur d'aviation (grades militaires F-34, F-37 et F-44).
504 |aIncludes bibliographical references (pages 15-17).
520 |a"This National Standard of Canada applies to three grades of aviation turbine fuel (military grades F-34, F-37 as its equivalent, and F-44) consisting of conventional hydrocarbons, synthetic hydrocarbons, naturally occurring non-hydrocarbons and additives as specified herein"--Scope, page 1.
650 0|aJet planes|xFuel|xStandards|zCanada.
7102 |aCanadian General Standards Board, |eissuing body.
7102 |aStandards Council of Canada, |eissuing body.
77508|tCarburéacteur d'aviation (grades militaires F-34, F-37 et F-44).|w(CaOODSP)9.959442
795 |tAviation turbine fuel (military grades F-34, F-37 and F-44).|b[October 2023 edition]|w(CaOODSP)9.929645
830#0|aNational standard of Canada ;|vCAN/CGSB-3-24-2026.|w(CaOODSP)9.507848
85640|qPDF|s565 KB|uhttps://publications.gc.ca/collections/collection_2026/ongc-cgsb/P29-4-3-24-2026-eng.pdf
986 |aICS 75.160.20, 75.160.40